000 06931cam a22020414i 4500
003 PE-LiUPU
005 20250813165718.0
008 150625s2007 mx a rb 000 0 spa d
020 _a9707292849
020 _a9789707292840
035 _a(Sirsi) i9789707292840
040 _aPE-LiUPU
_bspa
_cPE-LiUPU
_dPE-LiUPU
_erda
049 _aPRUA
082 0 4 _a612.8
_bC68 2007
082 0 4 _a612.82
_bC59
_221
100 1 _aClark, David L.,
_eautor.
245 1 3 _aEl cerebro y la conducta :
_bneuroanatomía para psicólogos /
_cDavid L. Clark, Nashaat N. Boutros, Mario F. Mendez.
264 1 _aMéxico :
_bManual Moderno,
_c2007.
300 _a309 páginas :
_bilustraciones ;
_c23 centímetros
336 _atext
_2rdacontent
337 _aunmediated
_2rdamedia
338 _avolume
_2rdacarrier
504 _aIncluye bibliografía.
505 0 _aAnatomía gruesa del cerebro -- Histología -- Lóbulos occipital y parietal -- Lóbulo temporal - Estructuras neocorticales -- Lóbulo frontal -- Ganglios basales -- Diencéfalo: hipotálamo y epitálamo -- Diencéfalo: tálamo -- Tallo cerebral -- Sistema límbico: lóbulo temporal -- Sistema límbico: corteza del cíngulo -- Sistema límbico: revisión -- Conexiones interhemisféricas y lateralidad.
526 _aP203
526 _aP200
526 _aSEG65
526 _aSEG64
526 _aSEG63
526 _aSEG62
526 _aSEG61
526 _aSEG60
526 _aSEG59
526 _aSEG58
526 _aSEG57
526 _aSEG56
526 _aSEG55
526 _aSEG54
526 _aSEG53
526 _aSEG52
526 _aSEG51
526 _aSEG50
526 _aSEG49
526 _aSEG48
526 _aSEG47
526 _aSEG46
526 _aSEG24
526 _aSEG23
526 _aSEG22
526 _aSEG21
526 _aSEG20
526 _aSEG19
526 _aSEG18
526 _aSEG17
526 _aSEG16
526 _aSEG14
526 _aSEG13
526 _aSEG12
526 _aSEG11
526 _aSEG10
526 _aSEG09
526 _aSEG06
526 _aSEG05
526 _aSEG04
526 _aSEG03
526 _aSEG02
526 _aSEG68
526 _aSEG66
526 _aSEG45
526 _aSEG25
526 _aSEG01
526 _aP163
526 _aP162
526 _aP161
526 _aP160
526 _aP159
526 _aP158
526 _aP157
526 _aP156
526 _aP155
526 _aP154
526 _aP153
526 _aP152
526 _aP151
526 _aP150
526 _aP149
526 _aP142
526 _aP141
526 _aP140
526 _aP139
526 _aP138
526 _aP137
526 _aP132
526 _aP131
526 _aP130
526 _aP126
526 _aP125
526 _aP124
526 _aP123
526 _aP115
526 _aP122
526 _aP121
526 _aP116
526 _a P114
526 _aP112
526 _aP111
526 _aP104
526 _aP103
526 _aP102
526 _aP101
526 _aP100
526 _aP96
526 _aP95
526 _aP93
526 _aP92
526 _aP91
526 _aP88
526 _aP83
526 _aP82
526 _aP79
526 _aP78
526 _aP75
526 _aP74
526 _aP71
526 _aP69
526 _a P51
526 _aP49
526 _aP48
526 _aP47
526 _aP33
526 _aP31
526 _a P30
526 _aP29
526 _aP27
526 _aP26
526 _aP25
526 _aP24
526 _a P22
526 _aP10
526 _aP09
526 _a P08
526 _aP06
526 _aP05
526 _aP04
526 _aP01
541 _g001-0030486;
541 _g014-0000458;
650 0 4 _aCerebro
_xAnatomía.
650 0 4 _aCerebro
_xFisiología.
650 0 4 _aNeuropsicología.
_95650
700 1 _aBoutros, Nashaat N.,
_eautor.
700 1 _aMendez, Mario F.,
_eautor.
910 _bjv
_clch
_d20090204
910 _btqv
_cjhc
_d20160912
942 _2ddc
_cBOOK
949 _a612.8 C68 2007
_wDEWEY
_c1
_iFJ02000
_lCCODEBUJ1
_mBUJ
_p25.45
_r0
_sY
_tBOOK
_u2015-8-31
_xSALUD
_PP33
_0COMPRA
_o.STAFF. Colección General Juliaca
949 _a612.8 C68 2007
_wDEWEY
_c2
_iFJ02001
_lCCODEBUJ1
_mBUJ
_p25.45
_r0
_sY
_tBOOK
_u2015-8-31
_xSALUD
_PP33
_0COMPRA
_o.STAFF. Colección General Juliaca
949 _a612.8 C68 2007
_wDEWEY
_c3
_iFJ02002
_lCCODEBUJ1
_mBUJ
_p25.45
_r0
_sY
_tBOOK
_u2015-8-31
_xSALUD
_PP33
_0COMPRA
_o.STAFF. Colección General Juliaca
949 _a612.8 C68 2007
_wDEWEY
_c4
_iFJ02003
_lCCODEBUJ1
_mBUJ
_p25.45
_r0
_sY
_tBOOK
_u2015-8-31
_xSALUD
_PP33
_0COMPRA
_o.STAFF. Colección General Juliaca
949 _a612.8 C68 2007
_wDEWEY
_c5
_iFJ01999
_d2016-10-3
_e2016-9-30
_lCCODEBUJ1
_mBUJ
_n2
_p25.45
_r0
_sY
_tBOOK
_u2015-9-9
_xSALUD
_PP22
_0COMPRA
_o.STAFF. Colección General Juliaca
949 _a612.82 C59
_wDEWEY
_c1
_i60446
_lCCODEBUL1
_mBUL
_p39.00
_r0
_sY
_tBOOK
_u2015-6-25
_xSALUD
_PP33
_0COMPRA
_o.STAFF. Colección Ciencias de la Salud
949 _a612.82 C59
_wDEWEY
_c2
_i58970
_d2016-8-23
_e2016-8-23
_lCCODEBUL1
_mBUL
_n1
_p39.00
_r0
_sY
_tBOOK
_u2015-6-25
_xSALUD
_PP33
_0COMPRA
_o.STAFF. Colección Ciencias de la Salud
994 _aC0
_bPEPRU
596 _a1 3
999 _a612.82 C59
_wDEWEY
_c47808
_i60446
_d47808
_e2022-5-12
_f2021-11-3
_g5
_lCCODEBUL1
_mBUL
_n13
_p39.00
_q10
_r0
_sY
_tBOOK
_u2015-6-25
_xSALUD
_zP33
_0COMPRA
_o.STAFF. Colección Ciencias de la Salud
999 _a612.82 C59
_wDEWEY
_c2
_i58970
_d2022-5-13
_e2019-11-5
_f2021-11-3
_g5
_lCCODEBUL1
_mBUL
_n2
_p39.00
_q9
_r0
_sY
_tBOOK
_u2015-6-25
_xSALUD
_zP33
_0COMPRA
_o.STAFF. Colección Ciencias de la Salud
999 _a612.8 C68 2007
_wDEWEY
_c1
_iFJ02000
_d2017-9-4
_e2017-8-31
_f2022-1-25
_g4
_lCCODEBUJ1
_mBUJ
_n3
_p25.45
_r0
_sY
_tBOOK
_u2015-8-31
_xSALUD
_PP33
_0COMPRA
_o.STAFF. Colección General Juliaca
999 _a612.8 C68 2007
_wDEWEY
_c2
_iFJ02001
_d2019-4-29
_e2018-9-25
_f2022-1-25
_g4
_lCCODEBUJ1
_mBUJ
_n7
_p25.45
_q7
_r0
_sY
_tBOOK
_u2015-8-31
_xSALUD
_PP33
_0COMPRA
_o.STAFF. Colección General Juliaca
999 _a612.8 C68 2007
_wDEWEY
_c3
_iFJ02002
_d2018-9-20
_e2017-4-20
_f2022-1-25
_g4
_lCCODEBUJ1
_mBUJ
_n1
_p25.45
_q1
_r0
_sY
_tBOOK
_u2015-8-31
_xSALUD
_PP33
_0COMPRA
_o.STAFF. Colección General Juliaca
999 _a612.8 C68 2007
_wDEWEY
_c4
_iFJ02003
_d2019-9-24
_e2017-4-20
_f2022-1-25
_g4
_lCCODEBUJ1
_mBUJ
_n2
_p25.45
_q5
_r0
_sY
_tBOOK
_u2015-8-31
_xSALUD
_PP33
_0COMPRA
_o.STAFF. Colección General Juliaca
999 _a612.8 C68 2007
_wDEWEY
_c5
_iFJ01999
_d2022-5-23
_e2022-5-17
_f2022-1-25
_g4
_lCCODEBUJ1
_mBUJ
_n9
_p25.45
_q22
_r0
_sY
_tBOOK
_u2015-9-9
_xSALUD
_PP22
_0COMPRA
_o.STAFF. Colección General Juliaca
980 _81
_gALBERTO SANCHEZ Responsable de Automatización